000 00496nam a22001697a 4500
999 _c40557
_d40557
003 OSt
005 20201231115230.0
008 191010b ||||| |||| 00| 0 eng d
020 _a9788122610581
040 _coclc
082 _a894.812301
_bRAJ/R
100 _aRajalakshmi, T A
_97169
245 _aRajalakshmiyude Kathakal /
_cT A Rajalakshmi
260 _aThrissur:
_bCurrent Books,
_c2018.
300 _a180p
942 _2ddc
_cBK
_h894.812301
_iRAJ/R
_k894.812301
_mRAJ/R